000 00221nam a22000857a 4500
008 160920b xxu||||| |||| 00| 0 eng d
100 _9677
_aMisra.R.R.
245 _aSee Chemistry-IX
260 _aNew Delhi
_bAPC Publications
_c2011
999 _c3334
_d3334